Παρέκκλιση ανηλίκων : θεωρητική, ερευνητική προσέγγιση & πολιτικές

Αποθηκεύτηκε σε:
Λεπτομέρειες βιβλιογραφικής εγγραφής
Κύριος συγγραφέας: Γεωργούλας, Στράτος
Μορφή: Βιβλίο
Γλώσσα:Greek
Δημοσίευση: Αθήνα : ΚΨΜ, 2009.
Θέματα:
Ετικέτες: Προσθήκη ετικέτας
Δεν υπάρχουν, Καταχωρήστε ετικέτα πρώτοι!

MARC

LEADER 00000cam a2200000 i 4500
001 1/10756
008 101102s2009####gr | ||| |||| ||gre||
020 |a 9789606750236 
035 |l 10109139 
040 |a GR-MyUa  |b gre  |e AACR2 
041 0 |a gre 
082 7 |a 364.36   |2 (22)  
100 1 |a Γεωργούλας, Στράτος. 
245 1 0 |a Παρέκκλιση ανηλίκων :   |b θεωρητική, ερευνητική προσέγγιση & πολιτικές /   |c Στράτος Γεωργούλας.  
260 |a Αθήνα :   |b ΚΨΜ,   |c 2009.  
300 |a 219 σ. ;   |c 22 εκ.  
504 |a Βιβλιογραφία: σ. 199-219.  
650 0 |a Juvenile delinquency. 
650 0 |a Juvenile delinquency  |x Prevention. 
650 0 |a Juvenile delinquents  |x Rehabilitation. 
650 0 |a Juvenile delinquency  |z Greece. 
852 |a INST  |b LESVOS  |e 20110414  |h 364.36 ΓΕΩ  |p 005100049068  |q 005100049068  |t BK  |y 12 
852 |a INST  |b LESVOS  |e 20101102  |h 364.36 ΓΕΩ  |p 005100049635  |q 005100049635  |t BK  |y 0 
852 |a INST  |b LESVOS  |e 20110729  |h 364.36 ΓΕΩ  |p 005100050033  |q 005100050033  |t BK  |y 4  |x 20140924 
852 |a INST  |b LESVOS  |e 20120214  |h 364.36 ΓΕΩ  |p 005100050818  |q 005100050818  |t BK  |y 0 
852 |a INST  |b LESVOS  |e 20200928  |h 364.36 ΓΕΩ  |p 005100062559  |q 005100062559  |t BK  |y 0 
852 |a INST  |b LESVOS  |c EUDOXUS  |e 20170117  |h 364.36 ΓΕΩ  |p 005100058598  |q 005100058598  |t EDX  |y 0 
852 |a INST  |b LESVOS  |c EUDOXUS  |e 20200212  |h 364.36 ΓΕΩ  |p 005100062663  |q 005100062663  |t EDX  |y 0 
852 |a INST  |b RHODES  |c EUDOXUS  |e 20180530  |h 364.36 ΓΕΩ  |p 005400040103  |q 005400040103  |t EDX  |y 0 
852 |a INST  |b SYROS  |c EUDOXUS  |e 20181005  |h 364.36 ΓΕΩ  |p 005500013498  |q 005500013498  |t EDX  |y 0 
901 |a BIBL1-2010-3 
901 |a BIBL1-2011-1 
920 |a Εύδοξος  |b Επιστροφή  |y Ρόδος  |z 2018-05 
920 |a Φοιτητική Μέριμνα  |y Λέσβος  |z 2011-03 
920 |a Εύδοξος  |b Επιστροφή  |y Σύρος  |z 2018-09 
920 |a Εύδοξος  |b Παραγγελία  |y Λέσβος-ΤΚ  |z 2020-02 
922 |a 1ΕΛΗ  |b 201010  |c Τακτικός Βιβλιοθήκης  |d Ιωαννίδου 
970 |a Τζαφέρη  |b Ευαγγελία  |z 02/11/2010